B c of Physics (Record no. 43266)

MARC details
000 -LEADER
fixed length control field 00331nam a2200145Ia 4500
008 - FIXED-LENGTH DATA ELEMENTS--GENERAL INFORMATION
fixed length control field 211109s9999||||xx |||||||||||||| ||und||
082 ## - DEWEY DECIMAL CLASSIFICATION NUMBER
Classification number 530
Item number GUP-M
100 ## - MAIN ENTRY--PERSONAL NAME
Personal name Gupta, Satish K
245 #0 - TITLE STATEMENT
Title B c of Physics
260 ## - PUBLICATION, DISTRIBUTION, ETC.
Name of publisher, distributor, etc. Malhotra
Place of publication, distribution, etc. K
Date of publication, distribution, etc. 1980
300 ## - PHYSICAL DESCRIPTION
Extent 880p.
630 ## - SUBJECT ADDED ENTRY--UNIFORM TITLE
General subdivision GENERAL STACK
942 ## - ADDED ENTRY ELEMENTS (KOHA)
Koha item type BOOK
650 ## - SUBJECT ADDED ENTRY--TOPICAL TERM
Form subdivision Generalia
Holdings
Withdrawn status Lost status Damaged status Not for loan Home library Current library Date acquired Cost, normal purchase price Total Checkouts Full call number Barcode Shelving location Date last seen Price effective from Koha item type
        SB LIBRARY SB LIBRARY 09/11/2021 50.00   530 GUP-M 00085175 GENERAL STACK 09/11/2021 09/11/2021 BOOK

Powered by Koha